Co-ordination chemistry / (Record no. 39327)

MARC details
000 -LEADER
fixed length control field 00874nam a22002657a 4500
008 - FIXED-LENGTH DATA ELEMENTS--GENERAL INFORMATION
fixed length control field 081212t xxu||||| |||| 00| 0beng d
010 ## - LCCN (DPL NO)
LC control number ENG-98117
020 ## - INTERNATIONAL STANDARD BOOK NUMBER
Terms of availability 110.00
International Standard Book Number 9788190765893
020 ## - INTERNATIONAL STANDARD BOOK NUMBER
Terms of availability 110.00
International Standard Book Number 8190765892
035 ## - SYSTEM CONTROL NUMBER
System control number EN-81650
037 ## - SOURCE OF ACQUISITION
Source of stock number/acquisition DBAD / PUB
040 ## - CATALOGING SOURCE
Original cataloging agency dpl
Language of cataloging English
082 ## - DEWEY DECIMAL CLASSIFICATION NUMBER
Classification number 546
100 ## - MAIN ENTRY--PERSONAL NAME
9 (RLIN) 3724
Personal name Manivannan, C
245 ## - TITLE STATEMENT
Title Co-ordination chemistry /
Statement of responsibility, etc by C. Manivannan
260 ## - PUBLICATION, DISTRIBUTION, ETC. (IMPRINT)
Place of publication, distribution, etc Chennai
Name of publisher, distributor, etc Arul Pathippagam
Date of publication, distribution, etc 2009
270 ## - ADDRESS
Address M.G.R. Nagar,
City Chennai
Postal code 78
300 ## - PHYSICAL DESCRIPTION
Extent 118p.
Dimensions 21cm (pbk)
600 ## - SUBJECT ADDED ENTRY--PERSONAL NAME
Personal name Baba Visakha Singh
General subdivision Biography.
9 (RLIN) 3725
650 ## - SUBJECT ADDED ENTRY--TOPICAL TERM
Topical term or geographic name as entry element Chemistry, inorganic
9 (RLIN) 6086
650 ## - SUBJECT ADDED ENTRY--TOPICAL TERM
Topical term or geographic name as entry element Chemistry, physicals Theroretical
9 (RLIN) 6398
700 ## - ADDED ENTRY--PERSONAL NAME
9 (RLIN) 4917
942 ## - ADDED ENTRY ELEMENTS (KOHA)
Source of classification or shelving scheme Dewey Decimal Classification
Item type English Books
Call number suffix MAN
Classification part 546
Holdings
Withdrawn status Lost status Source of classification or shelving scheme Damaged status Not for loan Collection code Home library Current library Date acquired Source of acquisition Cost, normal purchase price Total Checkouts Full call number Barcode Date last seen Copy number Cost, replacement price Koha item type
    Dewey Decimal Classification   Not For Loan Non-fiction D.B.Act.Division D.B.Act.Division 05/08/2010 DBAD/PUB 110.00   546 MAN EN-81650 05/08/2010 1 110.00 English Books

© Delhi Public Library
Hit Counter
free hit counter